Математически фолклор (Запис номер 166679)
[ съкратено ]
| 000 -Лидер | |
|---|---|
| Контролно поле с фиксирана дължина | 01559nam a2200349 c 4500 |
| 003 - Код на организацията, давaща контролен номер | |
| Контролно поле | BLK |
| 005 - Дата и час на последна редакция | |
| Контролно поле | 20240206093206.0 |
| 008 - Елементи от данни с фиксирана дължина | |
| fixed length control field | 180411b bul|||||r ||||||| ||bul|| |
| 010 ## - Наследен системен номер | |
| LC control number | KNG00174412000 |
| 040 ## - Източник на каталожния запис | |
| Идентификатор на билиотеката - собственик на записа | BLK |
| 041 ## - Код за език | |
| Код за езика на текст/звукозапис или на отделно заглавие | Български |
| Код за езика КДБФ | Български |
| 080 ## - УДК | |
| Текстов определител УДК | Математически игри и развлечения. Занимателна математика. Вж и 519.6 ; 793.7 ; 794 |
| УДК код - определител по УДК | 51-8 |
| УДК определител | |
| УДК - код + определител | 51-8 |
| 100 1# - Редна дума - Автор | |
| Автор | Ганчев, Иван |
| Авторска отговорност | първи автор |
| R(LIN) | 364001 |
| 139 ## - Редно поле | |
| Редна дума | Донев, Иван Ганчев и др. |
| Авторски знак | Дон - Д 77 |
| 245 10 - Сведения за заглавието | |
| Заглавие | Математически фолклор |
| Подзаглавни данни | Задачи, гатанки, пословици, поговорки |
| Редно поле (дума) | * Иван Ганчев Донев; Иван Ганчев; съавт. Кирил Чимев; съавт. Йордан Стоянов. |
| 257 ## - Страна на издаване | |
| Страна на създаване/издаване | България |
| 260 ## - Област на издателските данни | |
| -- | София |
| Име на издателя, разпространителя и проч. | Нар. просв. |
| Година на издаване | 1983 |
| 300 ## - Физическа характеристика | |
| Страници | 176 с. |
| Илюстрации и др. | с ил. |
| Размери/Мащаб | 20 см |
| 380 ## - Жанр | |
| Жанр | Естествени науки. Математика |
| 500 ## - Общи забележки | |
| Забележка | Авт. не са отбелязани на кор. - Именен показалец. |
| 650 #4 - Допълнително описание по предмет – тема | |
| Основно описание – тема или топоним | Математика, забавна |
| 9 (RLIN) | 251968 |
| 653 ## - Ключова дума – ненормативна | |
| Ключова дума | забавна математика |
| 700 1# - Други автори (авторска отговорност) | |
| Лично име | Донев, Иван Ганчев |
| Автороска отговорност (Описва отношението между автора и произведението) | * |
| 9 (RLIN) | 363692 |
| 700 1# - Други автори (авторска отговорност) | |
| Лично име | Чимев, Кирил |
| Автороска отговорност (Описва отношението между автора и произведението) | съавт. |
| 9 (RLIN) | 382302 |
| 700 1# - Други автори (авторска отговорност) | |
| Лично име | Стоянов, Йордан |
| Автороска отговорност (Описва отношението между автора и произведението) | съавт. |
| 9 (RLIN) | 382303 |
| 852 ## - Местоположение | |
| Форматна сигнатура | Цб 123670 |
| 856 4# - Електронен адрес и достъп | |
| Електронен формат | pdf - файл |
| Път до файла /url/ | |
| 856 4# - Електронен адрес и достъп | |
| Електронен формат | pdf - файл |
| Път до файла /url/ | |
| 942 ## - АРТИКУЛИ | |
| Вид на библиотечния материал | Книги |
| Скрит в OPAC | Не |
| Koha issues (borrowed), all copies | 4 |
| 944 ## - СЪЗДАВАНЕ И РЕДАКЦИЯ на ЗАПИСА | |
| Създаване/Редакция | Създаване |
| Дата на регистрацията/редакция | 21.04.2015 |
| Служител, извършил регистрацията/редакцията | 30532 |
| Статус, дата на статуса | Мира Стойчева |
| 944 ## - СЪЗДАВАНЕ И РЕДАКЦИЯ на ЗАПИСА | |
| Създаване/Редакция | Редакция |
| Дата на регистрацията/редакция | 21.04.2015 |
| Служител, извършил регистрацията/редакцията | Милена_Ачева |
| 999 ## - СИСТЕМНИ КОНТРОЛНИ НОМЕРА | |
| Koha biblionumber | 166679 |
| Koha biblioitemnumber | 166679 |
| Код за отписване | Код за изгубен артикул | Източник на класификационната схема | Код за повреда | Коз за рестрикции | Код за отдаване | Артикулен № | Име на библиотеката - собственик | Име на библиотеката, в която се намира в момента | Статус (Текущо местоположение) | Дата на вписване в системата | Местоположение - отдел | Цена в лева | Инвентарен номер | Систематично азбучна сигнатура | Баркод | Номер на екземпляра | Цена в евро | Служебна бележка | Служебен тип на артикула |
|---|---|---|---|---|---|---|---|---|---|---|---|---|---|---|---|---|---|---|---|
| Не е изгубен | Universal Decimal Classification | Не е повреден | без рестрикции | ползва се в читалня | 280854 | Регионална библиотека "Любен Каравелов" Русе | Регионална библиотека "Любен Каравелов" Русе | Хранилище | 1983-01-01 | Хранилище | 0.87 | 386192 | Цб 123670 | 900000011767 | 1 | 0.44 | Дост: Dp Вид: Д N: стар фонд Дата: 01.01.1983 | Книги | |
| Изтеглен | Не е изгубен | Universal Decimal Classification | Не е повреден | без рестрикции | заемане за дома | 280855 | Регионална библиотека "Любен Каравелов" Русе | Регионална библиотека "Любен Каравелов" Русе | Заемна - подръчен фонд | 1983-01-01 | Заемна - подръчен фонд | 0.87 | 386432 | П 51-8/Д 77 | 386432 | 2 | 0.44 | Вид: Сф N: стар фонд Дата: 01.01.1983 | Книги |
| Изтеглен | Не е изгубен | Universal Decimal Classification | Не е повреден | без рестрикции | заемане за дома | 280856 | Регионална библиотека "Любен Каравелов" Русе | Регионална библиотека "Любен Каравелов" Русе | Заемна - подръчен фонд | 1983-01-01 | Заемна - подръчен фонд | 0.87 | 386433 | П 51-8/Д 77 | 386433 | 3 | 0.44 | Вид: Сф N: стар фонд Дата: 01.01.1983 | Книги |
| Не е изгубен | Universal Decimal Classification | Не е повреден | без рестрикции | заемане за дома | 280857 | Регионална библиотека "Любен Каравелов" Русе | Регионална библиотека "Любен Каравелов" Русе | Заемна - подръчен фонд | 1983-01-01 | Заемна - подръчен фонд | 0.87 | 386434 | П 51-8/Д 77 | 120000386434 | 4 | 0.44 | Вид: Сф N: стар фонд Дата: 01.01.1983 Дата инв: 08.02.2018 Бележки инв: П2018 | Книги | |
| Изтеглен | Не е изгубен | Universal Decimal Classification | Не е повреден | без рестрикции | заемане за дома | 280858 | Регионална библиотека "Любен Каравелов" Русе | Регионална библиотека "Любен Каравелов" Русе | Заемна - подръчен фонд | 1983-01-01 | Заемна - подръчен фонд | 0.87 | 386436 | П 51-8/Д 77 | 386436 | 5 | 0.44 | Вид: Сф N: стар фонд Дата: 01.01.1983 | Книги |
| Изтеглен | Не е изгубен | Universal Decimal Classification | Не е повреден | без рестрикции | заемане за дома | 280859 | Регионална библиотека "Любен Каравелов" Русе | Регионална библиотека "Любен Каравелов" Русе | Детски отдел | 1983-01-01 | Детски отдел | 0.87 | 386757 | ДН 51/Д 77 | 386757 | 6 | 0.44 | Вид: Сф N: стар фонд Дата: 01.01.1983 Дата инв: 30.09.2015 Бележки инв: Д2015 | Книги |